[Event "Johannesburg Redpath op"]
[Site "Johannesburg"]
[Date "2016.07.15"]
[Round "5"]
[White "Odendaal, Mikhal"]
[Black "Sabawu, Ernest"]
[Result "0-1"]
[WhiteElo "932"]
[BlackElo "1338"]
[PlyCount "60"]
[EventDate "2016.07.13"]
[EventType "swiss"]
[EventRounds "9"]
[EventCountry "RSA"]
[SourceTitle "CBM 173 Extra"]
[Source "ChessBase"]
[SourceDate "2016.08.29"]
[SourceVersion "1"]
[SourceVersionDate "2016.08.29"]
[SourceQuality "1"]

1. e4 c5 2. Nc3 Nc6 3. Nf3 e6 4. Bc4 a6 5. a3 b5 6. Ba2 c4 7. d3 d5 8. exd5 exd5 9. 0-0 Nf6 10. Bg5 Be7 11. Re1 0-0 12. dxc4 dxc4 13. Qxd8 Rxd8 14. Re2 Be6 15. a4 h6 16. Bd2 b4 17. Nd1 a5 18. Ne3 b3 19. cxb3 cxb3 20. Bb1 Nb4 21. Re1 Rac8 22. Bc3 Bc5 23. Bf5 Bxf5 24. Nxf5 Nc2 25. Nxh6+ gxh6 26. Bxf6 Rd6 27. Be7 Nxa1 28. Bxd6 Nc2 29. Re5 Bxd6 30. Rxa5 Nd4 0-1